[Event "Toronto op"]
[Site "Toronto CAN"]
[Date "1996.04.07"]
[Round "6"]
[White "Kasinski, Peter"]
[Black "Veltmann, Martin"]
[Result "0-1"]
[WhiteElo "2150"]
[BlackElo "2165"]
[PlyCount "80"]
[EventDate "1996.??.??"]
[EventType "swiss"]
[EventRounds "6"]
[EventCountry "CAN"]

1. e4 e5 2. Nf3 Nc6 3. d4 exd4 4. c3 dxc3 5. Nxc3 Bb4 6. Bc4 Nge7 7. O-O Bxc3
8. bxc3 O-O 9. Bg5 d6 10. Rb1 Rb8 11. Bd5 Qd7 12. Bb3 h6 13. Bh4 Ng6 14. Bg3
Qe7 15. Re1 Be6 16. Bd5 Qd7 17. Nd2 Bxd5 18. exd5 Nce5 19. f4 Nd3 20. Rf1 Ne7
21. Qf3 Qf5 22. c4 Nc5 23. Bf2 b6 24. Rbe1 Rbe8 25. Bd4 Ng6 26. g4 Qd3 27. Qf2
Ne4 28. Nxe4 Rxe4 29. Rxe4 Qxe4 30. h4 Re8 31. h5 Nf8 32. Qb2 f6 33. Rf2 Nd7
34. Kh2 Nc5 35. Bxc5 dxc5 36. Qd2 Qxc4 37. d6 cxd6 38. Qxd6 Qd4 39. Rd2 Qxd6
40. Rxd6 Rc8 0-1

[Event "UBC 1996.09"]
[Site "Vancouver CAN"]
[Date "1996.09.24"]
[Round "4"]
[White "Sommerfeld, Gilbert"]
[Black "Wright, Stephen"]
[Result "0-1"]
[WhiteElo "2231"]
[BlackElo "2324"]
[PlyCount "126"]
[EventDate "1996.09.03"]
[EventType "swiss"]
[EventRounds "5"]
[EventCountry "CAN"]

1. e4 Nf6 2. e5 Nd5 3. d4 d6 4. c4 Nb6 5. exd6 cxd6 6. Nc3 g6 7. Be3 Bg7 8. Bd3
Nc6 9. Nge2 O-O 10. b3 d5 11. c5 Nd7 12. Bb5 e5 13. O-O Nxc5 14. dxe5 Ne6 15.
Qxd5 Nxe5 16. Qxd8 Rxd8 17. Rad1 Bd7 18. Bxd7 Rxd7 19. Rxd7 Nxd7 20. Nb5 Ndc5
21. Rd1 a6 22. Na3 b5 23. f3 Kf8 24. Nc2 Ke8 25. Nb4 Rd8 26. Rxd8+ Kxd8 27. Kf1
Kd7 28. Ke1 Kd6 29. Kd2 a5 30. Nc2 h5 31. Na3 Kc6 32. h3 Nd7 33. Ng3 Nb6 34.
Bxb6 Kxb6 35. Ne4 Nf4 36. g3 Nxh3 37. Nc2 f5 38. Nd6 Ng5 39. f4 Ne6 40. Nc8+
Kc7 41. Ne7 h4 42. Ke3 h3 43. Kf2 Nf8 44. Kg1 Kd6 45. Nc8+ Kd5 46. Kh2 Bf6 47.
Na7 Kc5 48. a4 bxa4 49. bxa4 Nd7 50. Kxh3 Nb6 51. g4 Nxa4 52. gxf5 gxf5 53. Ne3
Nc3 54. Nxf5 Nd5 55. Ng3 a4 56. Ne4+ Kb6 57. Nc8+ Ka5 58. Ncd6 Kb4 59. Nxf6
Nxf6 60. Nf5 a3 61. Nd4 Kc4 62. Nc2 a2 63. Kh4 Kc3 0-1

[Event "UBC 1996.09"]
[Site "Vancouver CAN"]
[Date "1996.10.01"]
[Round "5"]
[White "Wright, Stephen"]
[Black "Ho, Andrew"]
[Result "1-0"]
[WhiteElo "2324"]
[BlackElo "2252"]
[PlyCount "81"]
[EventDate "1996.09.03"]
[EventType "swiss"]
[EventRounds "5"]
[EventCountry "CAN"]

1. d4 Nf6 2. Bg5 Ne4 3. Bf4 c5 4. f3 Qa5+ 5. Nd2 Nf6 6. c3 cxd4 7. Nb3 Qf5 8.
Bxb8 Rxb8 9. Qxd4 b6 10. e4 Qg5 11. e5 Ng8 12. Nh3 Qh6 13. Nf4 Qc6 14. O-O-O e6
15. Kb1 Ne7 16. Bd3 Bb7 17. Rhe1 Qc7 18. Nh5 Ng6 19. f4 Bxg2 20. Qf2 Qb7 21.
Nd4 Ne7 22. f5 Nd5 23. Rg1 Bh3 24. Nxg7+ Bxg7 25. Rxg7 Kf8 26. Rdg1 Qc7 27. Qg3
Bxf5 28. Bxf5 exf5 29. Nxf5 Ne7 30. Rxf7+ Kxf7 31. e6+ dxe6 32. Nh6+ Ke8 33.
Qxc7 Rd8 34. Qe5 Rf8 35. Qxe6 Rd7 36. Rg7 Kd8 37. Nf7+ Kc7 38. Ne5 Rf1+ 39. Kc2
Rf2+ 40. Kb3 Rdd2 41. Qxe7+ 1-0

[Event "UBC 1996.11"]
[Site "Vancouver CAN"]
[Date "1996.11.26"]
[Round "3"]
[White "Wright, Stephen"]
[Black "Afrah, Navid"]
[Result "0-1"]
[WhiteElo "2313"]
[BlackElo "2368"]
[PlyCount "98"]
[EventDate "1996.11.12"]
[EventType "swiss"]
[EventRounds "5"]
[EventCountry "CAN"]
[Source "CFC"]
[SourceDate "1997.02.01"]

1. d4 Nf6 2. Bg5 g6 3. Bxf6 exf6 4. e3 Bg7 5. g3 O-O 6. Bg2 d6 7. Ne2 Nd7 8.
O-O f5 9. c4 Nf6 10. Nbc3 Re8 11. Qc2 c6 12. Rfd1 Qe7 13. Rac1 Ne4 14. b4 Bd7
15. d5 Rac8 16. dxc6 Bxc6 17. Nd5 Bxd5 18. Rxd5 Nf6 19. Rdd1 b5 20. Qb3 bxc4
21. Rxc4 Qe5 22. Rxc8 Rxc8 23. a4 Ne4 24. Nf4 Rc3 25. Qb1 Nxf2 26. Kxf2 Qxe3+
27. Kf1 Bd4 28. Rxd4 Qxd4 29. Ne2 Qc4 30. Qd1 Rc2 31. Ke1 Qxb4+ 32. Kf1 Qc4 33.
Ke1 Qb4+ 34. Kf1 Qxa4 35. Bf3 Ra2 36. Qxd6 Ra1+ 37. Kf2 Qe8 38. Qd4 Ra4 39. Qc5
a5 40. Bc6 Qc8 41. Qd5 Ra1 42. Qd4 Ra2 43. Bd5 Rc2 44. Bb3 Rc5 45. Nf4 Rb5 46.
Nd5 Qc5 47. Qxc5 Rxc5 48. Ke2 Rb5 49. Bc4 Rb2+ 0-1

[Event "Van der Wel mem"]
[Site "Hamilton CAN"]
[Date "1996.05.03"]
[Round "1"]
[White "McGrahan, Steve"]
[Black "Dougherty, Michael"]
[Result "0-1"]
[WhiteElo "1928"]
[BlackElo "2347"]
[PlyCount "56"]
[EventDate "1996.05.03"]
[EventType "swiss"]
[EventRounds "5"]
[EventCountry "CAN"]

1. d4 g6 2. e4 Bg7 3. Nc3 c5 4. d5 d6 5. f4 Nf6 6. Bb5+ Nfd7 7. a4 O-O 8. Nf3
Na6 9. O-O Nc7 10. Bd3 a6 11. a5 b5 12. axb6 Nxb6 13. Be3 Bb7 14. Qd2 f5 15.
Ng5 fxe4 16. Ncxe4 Bxd5 17. Nxh7 Bxe4 18. Bxe4 Kxh7 19. f5 gxf5 20. Bxf5+ Kg8
21. Bh6 e6 22. Bg6 Nc4 23. Qe2 Bxh6 24. Qxc4 Qg5 25. Bd3 Rxf1+ 26. Rxf1 Rf8 27.
Re1 Qf4 28. Rxe6 Qxc4 0-1

[Event "Van der Wel mem"]
[Site "Hamilton CAN"]
[Date "1996.05.04"]
[Round "2"]
[White "Dougherty, Michael"]
[Black "Gillanders, Robert"]
[Result "0-1"]
[WhiteElo "2347"]
[BlackElo "1996"]
[PlyCount "117"]
[EventDate "1996.05.03"]
[EventType "swiss"]
[EventRounds "5"]
[EventCountry "CAN"]

1. e4 e6 2. d4 d5 3. Nc3 Bb4 4. exd5 exd5 5. Qf3 c6 6. Bd3 Qf6 7. Be3 Qxf3 8.
Nxf3 Ne7 9. O-O Bf5 10. Rad1 O-O 11. Ne2 Nd7 12. Bf4 Rfe8 13. c3 Ba5 14. Rfe1
Bxd3 15. Rxd3 Ng6 16. Re3 Nf6 17. Ne5 Nxf4 18. Nxf4 Bc7 19. Nd7 Ne4 20. Nd3 Nd6
21. N3c5 Rxe3 22. Rxe3 Nc4 23. Re2 b6 24. Na6 Bd6 25. Nab8 h6 26. Nxc6 Rc8 27.
Nde5 Nxe5 28. Nxe5 Re8 29. Kf1 f6 30. Nd3 Re4 31. g3 Kf7 32. f3 Rxe2 33. Kxe2
g5 34. a4 h5 35. f4 Ke6 36. Kf3 a5 37. h3 Kd7 38. b3 Ke6 39. g4 hxg4+ 40. hxg4
Kd7 41. c4 dxc4 42. bxc4 gxf4 43. Nxf4 Bc7 44. Ke4 Bd8 45. Kd5 Bc7 46. Ne6 Bg3
47. c5 bxc5 48. dxc5 Be5 49. g5 Bc3 50. g6 f5 51. g7 Bxg7 52. c6+ Kc8 53. Nxg7
f4 54. Kd6 f3 55. Nf5 f2 56. Ne7+ Kd8 57. c7+ Ke8 58. c8=Q+ Kf7 59. Qg8+ 0-1

[Event "Van der Wel mem"]
[Site "Hamilton CAN"]
[Date "1996.05.04"]
[Round "2"]
[White "Dynna, Mark"]
[Black "McGrahan, Steve"]
[Result "1/2-1/2"]
[WhiteElo "1793"]
[BlackElo "1928"]
[PlyCount "85"]
[EventDate "1996.05.03"]
[EventType "swiss"]
[EventRounds "5"]
[EventCountry "CAN"]

1. e4 c5 2. Nf3 d6 3. d3 g6 4. g3 Bg7 5. Bg2 Nc6 6. O-O e6 7. c3 Nge7 8. d4 O-O
9. dxc5 dxc5 10. Qe2 Qc7 11. Re1 Rb8 12. a4 Na5 13. Na3 a6 14. Rb1 c4 15. Be3
Bd7 16. Nd2 b5 17. axb5 axb5 18. Nc2 Nec6 19. Bf4 Be5 20. Be3 Bg7 21. Bf4 Be5
22. Be3 Bd6 23. Nf3 Nb3 24. Bh6 Rfd8 25. e5 Be7 26. Bg5 Be8 27. Bxe7 Qxe7 28.
Red1 Nc5 29. Nfd4 Nxd4 30. Nxd4 Nd3 31. b4 Rbc8 32. Ra1 Qc7 33. f4 Qb6 34. Kf1
Rxd4 35. cxd4 Qxd4 36. Be4 Bc6 37. Bxd3 cxd3 38. Qxd3 Qxb4 39. Rac1 Qb2 40.
Rxc6 Rxc6 41. Qd8+ Kg7 42. Qf6+ Kh6 43. Qg5+ 1/2-1/2

[Event "Van der Wel mem"]
[Site "Hamilton CAN"]
[Date "1996.05.04"]
[Round "3"]
[White "Beckwith, Paul"]
[Black "Dougherty, Michael"]
[Result "1/2-1/2"]
[WhiteElo "2317"]
[BlackElo "2347"]
[PlyCount "61"]
[EventDate "1996.05.03"]
[EventType "swiss"]
[EventRounds "5"]
[EventCountry "CAN"]

1. e4 c5 2. Ne2 Nc6 3. c4 g6 4. d4 cxd4 5. Nxd4 Bg7 6. Be3 Nf6 7. Nc3 d6 8. f3
O-O 9. Qd2 Bd7 10. Be2 Nxd4 11. Bxd4 Bc6 12. O-O Nd7 13. Rfd1 Bxd4+ 14. Qxd4
Qb6 15. Qxb6 Nxb6 16. Rac1 a5 17. Nd5 Bxd5 18. cxd5 Rfc8 19. Bb5 f5 20. Kf2 f4
21. Ke2 a4 22. Kd3 Kf7 23. Kd4 Ra5 24. Rxc8 Nxc8 25. Bd7 Nb6 26. Be6+ Kf6 27.
Rc1 Rb5 28. Rc2 g5 29. a3 Rb3 30. Bh3 h6 31. Be6 1/2-1/2

[Event "Van der Wel mem"]
[Site "Hamilton CAN"]
[Date "1996.05.04"]
[Round "3"]
[White "Buscar, Michael"]
[Black "Dickey, Len"]
[Result "1-0"]
[WhiteElo "1596"]
[BlackElo "1540"]
[PlyCount "45"]
[EventDate "1996.05.03"]
[EventType "swiss"]
[EventRounds "5"]
[EventCountry "CAN"]

1. Nf3 d5 2. g3 Nf6 3. Bg2 g6 4. O-O Bg7 5. d3 O-O 6. Bg5 Nbd7 7. c4 Ng4 8. Qd2
f6 9. Be3 Nxe3 10. Qxe3 f5 11. Nc3 dxc4 12. dxc4 e5 13. Rad1 f4 14. Qc1 fxg3
15. hxg3 Qf6 16. Qe3 Nb6 17. b3 Bg4 18. Rfe1 Rae8 19. c5 Nc8 20. Nd5 Qc6 21. b4
Rf7 22. Ng5 Rf5 23. Ne7+ 1-0

[Event "Van der Wel mem"]
[Site "Hamilton CAN"]
[Date "1996.05.04"]
[Round "3"]
[White "Ellis, Joe"]
[Black "Vucko, Ignac"]
[Result "0-1"]
[WhiteElo "1856"]
[BlackElo "1967"]
[PlyCount "70"]
[EventDate "1996.05.03"]
[EventType "swiss"]
[EventRounds "5"]
[EventCountry "CAN"]

1. e4 d6 2. d4 Nf6 3. Nc3 g6 4. f3 Bg7 5. Bc4 O-O 6. Be3 c6 7. Qd2 b5 8. Bb3 e5
9. O-O-O Qc7 10. h4 a5 11. a4 bxa4 12. Nxa4 Nbd7 13. g4 h5 14. gxh5 Nxh5 15.
Ne2 Ndf6 16. dxe5 dxe5 17. Rhg1 Kh7 18. Kb1 Ba6 19. Ng3 Rfd8 20. Qf2 Rxd1+ 21.
Rxd1 Nxg3 22. Qxg3 Nh5 23. Qg4 Rd8 24. Rxd8 Qxd8 25. Bxf7 Qf6 26. Qe6 Be2 27.
Qe8 Nf4 28. Nc5 Bxf3 29. Nd7 Qd6 30. Bc5 Qd1+ 31. Ka2 Qxc2 32. Qg8+ Kh6 33. Bf8
Qa4+ 34. Ba3 Nd3 35. Nf8 Nb4+ 0-1

[Event "Van der Wel mem"]
[Site "Hamilton CAN"]
[Date "1996.05.04"]
[Round "3"]
[White "Fiedler, Brian"]
[Black "Khoudgarian, Natalia"]
[Result "1/2-1/2"]
[WhiteElo "2251"]
[BlackElo "2229"]
[PlyCount "95"]
[EventDate "1996.05.03"]
[EventType "swiss"]
[EventRounds "5"]
[EventCountry "CAN"]

1. e4 e6 2. d4 d5 3. Nc3 Bb4 4. e5 Qd7 5. Qg4 f5 6. Qg3 b6 7. a3 Bf8 8. Bb5 c6
9. Ba4 Bb7 10. Nce2 Na6 11. h4 O-O-O 12. Nf3 Nh6 13. Nf4 Nf7 14. h5 Be7 15. c3
Rdg8 16. Bc2 Nc7 17. Bd2 Kb8 18. O-O-O Ka8 19. Rde1 Qd8 20. Rh2 Bc8 21. Reh1 c5
22. Kb1 c4 23. Nh3 g5 24. hxg6 Rxg6 25. Qf4 Rhg8 26. g3 h6 27. Qe3 Bd7 28. Nf4
Rg4 29. Qe2 Qe8 30. Ng2 Ba4 31. Bxh6 Nxh6 32. Rxh6 Bxa3 33. bxa3 Nb5 34. Bxa4
Nxc3+ 35. Ka1 Qxa4 36. Qb2 Nd1 37. Qb4 Qc2 38. Qd2 Qxd2 39. Nxd2 Nxf2 40. Rf1
Nd3 41. Nf4 Rxg3 42. Nxe6 Rg2 43. Nb1 Rc2 44. Nc7+ Kb7 45. Nxd5 Rgg2 46. Nbc3
Nc1 47. Rh7+ Kb8 48. Rh8+ 1/2-1/2

[Event "Van der Wel mem"]
[Site "Hamilton CAN"]
[Date "1996.05.05"]
[Round "4"]
[White "Dougherty, Michael"]
[Black "Filipovich, David"]
[Result "0-1"]
[WhiteElo "2347"]
[BlackElo "2305"]
[PlyCount "57"]
[EventDate "1996.05.03"]
[EventType "swiss"]
[EventRounds "5"]
[EventCountry "CAN"]

1. e4 d6 2. d4 Nf6 3. Nc3 g6 4. f4 Bg7 5. Nf3 O-O 6. Bd3 Nc6 7. O-O Bg4 8. Be3
e5 9. fxe5 dxe5 10. d5 Nd4 11. Ne2 Bxf3 12. gxf3 Nxe2+ 13. Bxe2 Nh5 14. Rf2 f5
15. Qd2 fxe4 16. fxe4 Rxf2 17. Bxf2 Nf4 18. Kh1 Bh6 19. c4 Qd7 20. Bg3 Rf8 21.
Bxf4 Rxf4 22. Qd3 Rh4 23. Rg1 Bf4 24. Rg2 Rh3 25. Qd1 Qe7 26. Bg4 Re3 27. Re2
Qh4 28. Be6+ Kg7 29. c5 0-1

[Event "Van der Wel mem"]
[Site "Hamilton CAN"]
[Date "1996.05.05"]
[Round "4"]
[White "Dynna, Mark"]
[Black "Fortney, Brian"]
[Result "1-0"]
[WhiteElo "1793"]
[BlackElo "1928"]
[PlyCount "57"]
[EventDate "1996.05.03"]
[EventType "swiss"]
[EventRounds "5"]
[EventCountry "CAN"]

1. e4 d6 2. Nf3 Nf6 3. d3 h6 4. g3 Bg4 5. Bg2 c6 6. h3 Bd7 7. O-O Qb6 8. c3 e5
9. Qc2 Na6 10. d4 exd4 11. Nxd4 Be6 12. Nxe6 fxe6 13. e5 dxe5 14. Qg6+ Ke7 15.
Nd2 Rd8 16. Nc4 Qc7 17. Re1 Nd7 18. Bf4 Qc8 19. Bxe5 Nf6 20. h4 h5 21. Bf4 Nc7
22. Ne5 Re8 23. c4 Ncd5 24. cxd5 cxd5 25. Rac1 Qd8 26. Nf7 Qb6 27. Rc7+ Qxc7
28. Bxc7 Rg8 29. Ne5 1-0

[Event "Van der Wel mem"]
[Site "Hamilton CAN"]
[Date "1996.05.05"]
[Round "4"]
[White "Fiedler, Brian"]
[Black "McGrahan, Steve"]
[Result "1-0"]
[WhiteElo "2251"]
[BlackElo "1928"]
[PlyCount "59"]
[EventDate "1996.05.03"]
[EventType "swiss"]
[EventRounds "5"]
[EventCountry "CAN"]

1. e4 c5 2. Nf3 d6 3. c3 Nf6 4. Bd3 g6 5. O-O Bg7 6. Bc2 O-O 7. h3 b5 8. d4
Nbd7 9. Qe2 Qb6 10. Rd1 e5 11. dxe5 dxe5 12. Bg5 a5 13. Nbd2 a4 14. Nf1 Re8 15.
Rd2 a3 16. b3 b4 17. c4 Qe6 18. Rad1 Bf8 19. Ne3 Bb7 20. Nd5 Bxd5 21. exd5 Qd6
22. Re1 Bg7 23. Qd1 Nh5 24. Rde2 f5 25. g4 fxg4 26. hxg4 Nhf6 27. Nh2 Rf8 28.
f4 Ne8 29. f5 Bf6 30. Bh6 1-0

[Event "Van der Wel mem"]
[Site "Hamilton CAN"]
[Date "1996.05.05"]
[Round "4"]
[White "Jung, Hans"]
[Black "Beckwith, Paul"]
[Result "1-0"]
[WhiteElo "2317"]
[BlackElo "2317"]
[PlyCount "62"]
[EventDate "1996.05.03"]
[EventType "swiss"]
[EventRounds "5"]
[EventCountry "CAN"]

1. e4 c5 2. Nf3 e6 3. c3 Qa5 4. Na3 Nc6 5. d4 cxd4 6. Nc4 Qh5 7. Be2 Qg6 8. O-O
Qxe4 9. cxd4 Nf6 10. Ne3 Nd5 11. Bd3 Nxe3 12. fxe3 Qg4 13. Be2 Qg6 14. d5 exd5
15. Qxd5 d6 16. Nd4 Nxd4 17. exd4 Qe6 18. Bb5+ Kd8 19. Qf3 Be7 20. Bd2 Bf6 21.
Ba5+ Ke7 22. d5 Bd4+ 23. Kh1 Qf6 24. Rae1+ Be5 25. Rxe5+ dxe5 26. Qa3+ Qd6 27.
Bb4 Rd8 28. Bxd6+ Rxd6 29. Qc5 f6 30. Qc7+ Bd7 31. Qxb7 Rd8 1-0

[Event "Van der Wel mem"]
[Site "Hamilton CAN"]
[Date "1996.05.05"]
[Round "5"]
[White "Dougherty, Michael"]
[Black "Fiedler, Brian"]
[Result "0-1"]
[WhiteElo "2347"]
[BlackElo "2251"]
[PlyCount "74"]
[EventDate "1996.05.03"]
[EventType "swiss"]
[EventRounds "5"]
[EventCountry "CAN"]

1. e4 c5 2. Nf3 d6 3. d4 cxd4 4. Nxd4 Nf6 5. Nc3 a6 6. Be3 e5 7. Nb3 Qc7 8. a4
b6 9. Be2 Bb7 10. f3 Nbd7 11. O-O Be7 12. Nd2 d5 13. exd5 Nxd5 14. Nxd5 Bxd5
15. Nb1 Bb7 16. Nc3 Nf6 17. Kh1 O-O 18. Bd3 Bb4 19. Bd2 Bc5 20. Qe1 Rfe8 21.
Qg3 g6 22. Rae1 Nh5 23. Qh4 Rad8 24. Ne4 Rd4 25. a5 f5 26. Nf6+ Kf7 27. Bc4+
Rxc4 28. Qxc4+ Kxf6 29. Bc3 b5 30. Qh4+ Kf7 31. g4 fxg4 32. Qxg4 Re7 33. Rd1
Nf4 34. Qh4 h5 35. Qg5 Qc6 36. h4 Qe6 37. Qg3 Ne2 0-1

[Event "Van der Wel mem"]
[Site "Hamilton CAN"]
[Date "1996.05.05"]
[Round "5"]
[White "Fortney, Brian"]
[Black "McGrahan, Steve"]
[Result "0-1"]
[WhiteElo "1928"]
[BlackElo "1928"]
[PlyCount "74"]
[EventDate "1996.05.03"]
[EventType "swiss"]
[EventRounds "5"]
[EventCountry "CAN"]

1. e4 c5 2. Qe2 Nc6 3. f4 d6 4. Nf3 e5 5. d3 g6 6. c3 Bh6 7. g3 Bg4 8. h3 Bxf3
9. Qxf3 Qd7 10. h4 Nge7 11. Bh3 Qc7 12. Na3 Rd8 13. f5 Bxc1 14. Rxc1 gxf5 15.
exf5 f6 16. Qh5+ Kd7 17. Qf7 Rhf8 18. Qe6+ Ke8 19. Bg4 Rd7 20. Nb5 Qb8 21. c4
a6 22. a4 axb5 23. cxb5 Nd4 24. Qc4 b6 25. O-O d5 26. Qc3 Rg8 27. Bh5+ Kd8 28.
Kh2 Ndxf5 29. Rg1 Nd4 30. b4 Rc7 31. a5 Nxb5 32. Qb2 Nc8 33. Qf2 bxa5 34. Qxf6+
Re7 35. Rxc5 Qd6 36. Rxc8+ Kxc8 37. Qxd6 Nxd6 0-1

[Event "Van der Wel mem"]
[Site "Hamilton CAN"]
[Date "1996.05.05"]
[Round "5"]
[White "Vucko, Ignac"]
[Black "Oates, Eric"]
[Result "1-0"]
[WhiteElo "1967"]
[BlackElo "1920"]
[PlyCount "54"]
[EventDate "1996.05.03"]
[EventType "swiss"]
[EventRounds "5"]
[EventCountry "CAN"]

1. e4 d6 2. d4 Nf6 3. Nc3 a6 4. Bd3 g6 5. Nf3 Bg7 6. O-O Nbd7 7. Re1 O-O 8. Bg5
h6 9. Bd2 c5 10. e5 Nh7 11. e6 cxd4 12. exf7+ $2 Rxf7 13. Nd5 Ndf8 14. Nf4 g5
15. Nh5 e5 16. Nxg7 Kxg7 17. Qc1 Qf6 18. Rf1 d5 19. Be2 g4 20. Ne1 Bd7 21. c3
Rc8 22. Qd1 dxc3 23. bxc3 h5 24. Rb1 Bf5 25. Rb4 Ne6 26. Be3 Rc6 27. Qxd5 Rfc7
1-0

[Event "Vancouver op"]
[Site "Vancouver CAN"]
[Date "1996.??.??"]
[Round "?"]
[White "Milat, Marcel"]
[Black "Berry, Jonathan"]
[Result "1-0"]
[WhiteElo "2230"]
[BlackElo "2310"]
[PlyCount "45"]
[EventDate "1996.??.??"]
[EventType "swiss"]
[EventCountry "CAN"]

1. e4 e5 2. Nf3 Nc6 3. Nc3 Nf6 4. d4 exd4 5. Nd5 Be7 6. Bc4 d6 7. Nxd4 Ne5 8.
Bb3 O-O 9. O-O Re8 10. f4 Bg4 11. fxe5 Bxd1 12. exf6 Bxf6 13. Nxf6+ gxf6 14.
Rxd1 Rxe4 15. Bd5 Re5 16. Bxb7 Qe8 17. Bd2 Rb8 18. Bc6 Qc8 19. Bc3 Qg4 20. Rd3
Qg6 21. Rf1 Rb6 22. Rdf3 f5 23. Rg3 1-0

[Event "Vernon Silver Star Open"]
[Site "Vernon CAN"]
[Date "1996.11.09"]
[Round "2"]
[White "Osthoff, Dieter"]
[Black "Stockhausen, Peter"]
[Result "0-1"]
[WhiteElo "1600"]
[BlackElo "1700"]
[PlyCount "48"]
[EventDate "1996.11.09"]
[EventType "swiss"]
[EventRounds "6"]
[EventCountry "CAN"]

1. d4 c6 2. e4 d5 3. Nc3 dxe4 4. f3 exf3 5. Nxf3 Nf6 6. Bg5 Bf5 7. Bc4 e6 8.
O-O Be7 9. Qe2 O-O 10. Rad1 Nd5 11. Bxe7 Qxe7 12. Ne1 Qg5 13. Bxd5 cxd5 14. Nf3
Qe7 15. Nxd5 Qd6 16. Nc3 Na6 17. a3 Rac8 18. Rd2 Qb6 19. b3 Rxc3 20. Ne5 Qc7
21. Nc4 b5 22. Ne3 Bg6 23. Re1 Nb8 24. Qxb5 Rxe3 0-1

[Event "Vernon Silver Star Open"]
[Site "Vernon CAN"]
[Date "1996.11.11"]
[Round "6"]
[White "Stockhausen, Peter"]
[Black "Yashenko, John"]
[Result "1-0"]
[WhiteElo "1700"]
[BlackElo "1500"]
[PlyCount "39"]
[EventDate "1996.11.09"]
[EventType "swiss"]
[EventRounds "6"]
[EventCountry "CAN"]

1. e4 e6 2. d4 d5 3. e5 f5 4. Nf3 h6 5. h4 h5 6. Be3 b6 7. Nc3 c5 8. Bb5+ Nd7
9. Bc6 Rb8 10. Nxd5 exd5 11. e6 Ne7 12. Bg5 Qc7 13. exd7+ Bxd7 14. Bxd7+ Qxd7
15. O-O Ng6 16. Re1+ Be7 17. Qe2 Kf7 18. Bxe7 Qxe7 19. Ng5+ Kf6 20. Qe6+ 1-0

[Event "Vers la Matrise"]
[Site "Montreal CAN"]
[Date "1996.??.??"]
[Round "1"]
[White "Bergeron, Marc"]
[Black "Grondin, Jean-Philippe"]
[Result "1/2-1/2"]
[WhiteElo "2030"]
[BlackElo "2050"]
[PlyCount "65"]
[EventDate "1996.??.??"]
[EventType "swiss"]
[EventRounds "6"]
[EventCountry "CAN"]

1. e4 e5 2. Bc4 Nf6 3. d3 Nc6 4. Nf3 Bc5 5. O-O d6 6. c3 Bb6 7. b4 O-O 8. a4 a5
9. b5 Ne7 10. Qb3 c6 11. Ba3 Ng6 12. bxc6 bxc6 13. Nbd2 Rb8 14. Qa2 Qc7 15. d4
c5 16. dxe5 dxe5 17. Ng5 h6 18. Nxf7 Rxf7 19. Bxf7+ Qxf7 20. Qxf7+ Kxf7 21.
Rfb1 Ba6 22. Bxc5 Bxc5 23. Rxb8 Ng4 24. h3 Nxf2 25. Kh2 Be3 26. Nf1 Bg5 27. Ra8
Bd3 28. Rxa5 Bxe4 29. Re1 Nh4 30. Kg1 Nxg2 31. Rxe4 Nxe4 32. Kxg2 Nxc3 33. Rxe5
1/2-1/2

[Event "Vers la Matrise"]
[Site "Montreal CAN"]
[Date "1996.??.??"]
[Round "1"]
[White "Gladu, Pierre"]
[Black "Leger, Manon"]
[Result "1/2-1/2"]
[WhiteElo "2160"]
[BlackElo "1890"]
[PlyCount "80"]
[EventDate "1996.??.??"]
[EventType "swiss"]
[EventRounds "6"]
[EventCountry "CAN"]

1. d4 d5 2. Nf3 c5 3. e3 Nc6 4. c3 e6 5. Nbd2 Nf6 6. Bd3 Bd6 7. O-O O-O 8. Qe2
Qc7 9. e4 cxd4 10. cxd4 dxe4 11. Nxe4 Be7 12. Nxf6+ Bxf6 13. Qe4 g6 14. Bf4 Qd8
15. Be5 Nxe5 16. dxe5 Be7 17. Rad1 Qd5 18. Qe2 Qxa2 19. h4 Rd8 20. Bc4 Qa5 21.
Rxd8+ Qxd8 22. Rd1 Qc7 23. Bb5 a6 24. Bd3 b5 25. h5 Bb7 26. hxg6 hxg6 27. Nh2
Qc6 28. Nf3 Kg7 29. Qe3 Rc8 30. Qf4 Qd5 31. Ne1 Rc5 32. Bxg6 Qxd1 33. Qxf7+ Kh6
34. Qh7+ Kg5 35. Qxe7+ Kxg6 36. Qxe6+ Kg7 37. Qe7+ Kg8 38. Qe8+ Kg7 39. Qe7+
Kg8 40. Qe8+ Kh7 1/2-1/2

[Event "Vers la Matrise"]
[Site "Montreal CAN"]
[Date "1996.??.??"]
[Round "1"]
[White "Prahov, Valentin"]
[Black "Saint-Pierre, Benoit"]
[Result "1/2-1/2"]
[WhiteElo "2145"]
[BlackElo "2275"]
[PlyCount "71"]
[EventDate "1996.??.??"]
[EventType "swiss"]
[EventRounds "6"]
[EventCountry "CAN"]

1. e4 c5 2. Nf3 d6 3. d4 cxd4 4. Nxd4 Nf6 5. Nc3 Nc6 6. Be2 e5 7. Nf3 h6 8. O-O
Be7 9. Re1 O-O 10. h3 Be6 11. Bf1 Nb8 12. Nd5 Nxd5 13. exd5 Bf5 14. c4 Nd7 15.
Be3 a5 16. a3 a4 17. b4 axb3 18. Qxb3 Qc7 19. Re2 Bf6 20. Rb2 Nc5 21. Qb6 Rfc8
22. Raa2 Nd3 23. Qxc7 Rxc7 24. Rb6 Ra6 25. Nd2 e4 26. g4 Bh7 27. Bg2 Be5 28. a4
f5 29. gxf5 Bxf5 30. Ra3 Nf4 31. Rxa6 bxa6 32. Bb6 Rc8 33. Bf1 Rb8 34. a5 Nd3
35. Bg2 Rc8 36. Rb3 1/2-1/2

[Event "Vers la Matrise"]
[Site "Montreal CAN"]
[Date "1996.??.??"]
[Round "1"]
[White "Rouleau, Paul"]
[Black "Mahabir, Hugh"]
[Result "1-0"]
[WhiteElo "1865"]
[BlackElo "1835"]
[PlyCount "49"]
[EventDate "1996.??.??"]
[EventType "swiss"]
[EventRounds "6"]
[EventCountry "CAN"]

1. e4 e6 2. d4 d5 3. e5 c5 4. c3 Nc6 5. Nf3 Qb6 6. Bd3 cxd4 7. cxd4 Bd7 8. O-O
Nxd4 9. Nxd4 Qxd4 10. Nc3 a6 11. Qe2 Qa7 12. Kh1 Ne7 13. f4 g6 14. Be3 Qb8 15.
Rac1 Nf5 16. Bb6 Be7 17. Rfd1 O-O 18. Bxf5 gxf5 19. Rd3 Kh8 20. Qh5 Rg8 21.
Nxd5 exd5 22. Rc7 Qe8 23. e6 Bxe6 24. Bd4+ Rg7 25. Rh3 1-0

[Event "Vers la Matrise"]
[Site "Montreal CAN"]
[Date "1996.??.??"]
[Round "2"]
[White "Fillion, Robert"]
[Black "Hamel, Jean-Claude"]
[Result "1-0"]
[WhiteElo "1665"]
[BlackElo "1775"]
[PlyCount "75"]
[EventDate "1996.??.??"]
[EventType "swiss"]
[EventRounds "6"]
[EventCountry "CAN"]

1. c4 Nf6 2. Nc3 g6 3. g3 Bg7 4. Bg2 d6 5. e4 O-O 6. Nge2 Nc6 7. d3 e5 8. O-O
Ne7 9. h3 c6 10. Be3 Be6 11. f4 Qc7 12. Rc1 Rad8 13. Qc2 Qb8 14. b3 Nd7 15. d4
f6 16. d5 Bf7 17. Qd2 f5 18. Rcd1 cxd5 19. Nxd5 Nxd5 20. cxd5 fxe4 21. Bxe4 Nf6
22. Bg2 Rfe8 23. fxe5 dxe5 24. Qa5 b6 25. Qb5 Rd6 26. Nc3 Rc8 27. Qd3 a6 28.
Bg5 b5 29. Qf3 Qb6+ 30. Be3 Qb7 31. Ne4 Nxe4 32. Qxe4 Rcd8 33. Bg5 R8d7 34. Qf3
Rxd5 35. Rxd5 Qxd5 36. Qxd5 Rxd5 37. Bxd5 Bxd5 38. Re1 1-0

[Event "Vers la Matrise"]
[Site "Montreal CAN"]
[Date "1996.??.??"]
[Round "2"]
[White "Grondin, Jean-Philippe"]
[Black "Prahov, Valentin"]
[Result "0-1"]
[WhiteElo "2050"]
[BlackElo "2145"]
[PlyCount "86"]
[EventDate "1996.??.??"]
[EventType "swiss"]
[EventRounds "6"]
[EventCountry "CAN"]

1. d4 Nf6 2. c4 g6 3. Nc3 d5 4. cxd5 Nxd5 5. e4 Nxc3 6. bxc3 c5 7. Bc4 Bg7 8.
Ne2 O-O 9. Be3 cxd4 10. cxd4 Nc6 11. Rc1 Qa5+ 12. Kf1 Bg4 13. f3 Bd7 14. h4 Qa3
15. Rc3 Qb2 16. Kf2 Na5 17. Bb3 Rfc8 18. Qc1 Qxc1 19. Rhxc1 Nxb3 20. axb3 Rxc3
21. Rxc3 Rc8 22. Rxc8+ Bxc8 23. d5 a6 24. Bd4 Bd7 25. Ke3 Bh6+ 26. f4 f6 27. e5
fxe5 28. Bxe5 Kf7 29. Nc3 e6 30. Kd4 exd5 31. Nxd5 Bc6 32. g4 Bf8 33. f5 gxf5
34. gxf5 Bxd5 35. Kxd5 h5 36. Ke4 Be7 37. Bg3 a5 38. Kd4 b5 39. Bc7 a4 40. bxa4
bxa4 41. Bg3 Kf6 42. Ke4 a3 43. Be5+ Kf7 0-1